Effective strategies for rural development (Record no. 10959)

MARC details
000 -LEADER
fixed length control field 00520cam a2200193ua 4500
001 - CONTROL NUMBER
control field 12212
005 - DATE AND TIME OF LATEST TRANSACTION
control field 20260515114841.0
008 - FIXED-LENGTH DATA ELEMENTS--GENERAL INFORMATION
fixed length control field 200310n ii |||gr||||Z||||||eng
020 ## - INTERNATIONAL STANDARD BOOK NUMBER
International Standard Book Number 9788183701501
040 ## - CATALOGING SOURCE
Transcribing agency MAIN
082 ## - DEWEY DECIMAL CLASSIFICATION NUMBER
Classification number 354.2794
100 ## - MAIN ENTRY--PERSONAL NAME
Personal name E D Setty,
Relator term Author.
245 ## - TITLE STATEMENT
Title Effective strategies for rural development
Statement of responsibility, etc. By E D Setty
250 ## - EDITION STATEMENT
Edition statement 1st ed.
260 ## - PUBLICATION, DISTRIBUTION, ETC.
Place of publication, distribution, etc. New Delhi:
Name of publisher, distributor, etc. Akansha publishing house,
Date of publication, distribution, etc. 2008.
300 ## - PHYSICAL DESCRIPTION
Extent 410p.
653 ## - INDEX TERM--UNCONTROLLED
Uncontrolled term Administration of economy & environment
942 ## - ADDED ENTRY ELEMENTS (KOHA)
Koha item type Books
Holdings
Withdrawn status Lost status Damaged status Not for loan Home library Current library Shelving location Date acquired Total checkouts Full call number Barcode Date last seen Copy number Price effective from Koha item type
        Naharkatiya College Library Naharkatiya College Library General stacks 09/19/2020   354.2794Rural development | SET 26507 09/19/2020 1 09/19/2020 Books